000
00249 a2200109 4500
001
68561
040
_c
Anchieta - Itaigara
240
1
0
_a
A descoberta de Leila
_l
245
1
0
_a
A descoberta de Leila
650
4
_a
Literatura infanto-juvenil
942
_c
MU
999
_c
68561
_d
68561